Score 0/18 Timer 03:00
0 Plays Today
Movie Name Missing Word % Correct
_____ Story 4Toy
89%
The ____ KingLion
74%
Once Upon a Time ... in ____Hollywood
70.8%
____ WomenLittle
70.7%
Jojo _____Rabbit
67.1%
Ford v _____Ferrari
63.4%
A ____ Day in the NeighborhoodBeautiful
55.4%
____ LinkMissing
45.4%
____ StoryMarriage
43.1%
Movie Name Missing Word % Correct
____ JewellRichard
30.9%
Late ____Night
29.8%
How to Train Your Dragon: The ____ WorldHidden
29.4%
The Two _____Popes
29.2%
____ and GloryPain
22.7%
Where'd You Go, ____Bernadette
22.6%
_____ OutKnives
20.7%
_____ Is My NameDolemite
19%
Motherless _____Brooklyn
18.5%
Remove Ads.
Support Sporcle.
Get the best of Sporcle when you Go Orange. This ad-free experience offers more features, more stats, and more fun while also helping to support Sporcle. Thank you for becoming a member.

You're not logged in!

Compare scores with friends on all Sporcle quizzes.
OR
Log In

Sporcle TV

Today on Sporcle TV


Watch our educational content, quiz creation guides, and fun videos on Sporcle TV.

Show Comments

Extras

Top Quizzes Today


Score Distribution

Paid Content

Your Account Isn't Verified!

In order to create a playlist on Sporcle, you need to verify the email address you used during registration. Go to your Sporcle Settings to finish the process.

Report this User

Report this user for behavior that violates our Community Guidelines.

Details: